00521nam a2200169Ia 4500008004100000082001500041100002500056245003900081250000800120260003500128300001200163500002400175650002400199942000700223952010400230999001700334230524s9999 xx 000 0 und d a406.3bDAV aJeff Davidson910346 0aIdiots Guide to Managing your time a1ST aNEW DELHIbPrintice Hallc1999 aXII;400 aQuantity Number: 1 aMiscellaneous91877 cBK 00104070aTATCLbTATCLcGENd2023-05-24l0o406.3 DAVp4230r2023-05-24w2023-05-24yBKzHSSM4103 c14292d14292